Dictionary for managing trees in urban environments / (Record no. 532188)

000 -LEADER
fixed length control field 02307cam a22003617a 4500
001 - CONTROL NUMBER
control field 15821775
003 - CONTROL NUMBER IDENTIFIER
control field NUST
005 - DATE AND TIME OF LATEST TRANSACTION
control field 20191112112858.0
008 - FIXED-LENGTH DATA ELEMENTS--GENERAL INFORMATION
fixed length control field 090717s2009 vraa bd f001 0 eng d
010 ## - LIBRARY OF CONGRESS CONTROL NUMBER
LC control number 2009288126
020 ## - INTERNATIONAL STANDARD BOOK NUMBER
International Standard Book Number 9780643096073 (pbk.)
020 ## - INTERNATIONAL STANDARD BOOK NUMBER
International Standard Book Number 0643096078 (pbk.)
035 ## - SYSTEM CONTROL NUMBER
System control number (OCoLC)ocn271979455
037 ## - SOURCE OF ACQUISITION
Source of stock number/acquisition CSIRO Publishing, PO Box 1139, Collingwood VIC 3066
038 ## - RECORD CONTENT LICENSOR
Staff Name MSOHAIL
040 ## - CATALOGING SOURCE
Original cataloging agency AU@
Transcribing agency AU@
Modifying agency BTCTA
-- YDXCP
-- BWX
-- AGL
-- OCLCQ
-- DLC
042 ## - AUTHENTICATION CODE
Authentication code lccopycat
050 00 - LIBRARY OF CONGRESS CALL NUMBER
Classification number SB436
Item number .D53 2009
070 0# - NATIONAL AGRICULTURAL LIBRARY CALL NUMBER
Classification number SB436
Item number .D52 2009
082 04 - DEWEY DECIMAL CLASSIFICATION NUMBER
Classification number 635.97703
Edition number 22
245 00 - TITLE STATEMENT
Title Dictionary for managing trees in urban environments /
Statement of responsibility, etc. [edited by] Danny B. Draper and Peter A. Richards.
260 ## - PUBLICATION, DISTRIBUTION, ETC.
Place of publication, distribution, etc. Collingwood, Vic. :
Name of publisher, distributor, etc. CSIRO Publishing :
-- Institute of Australian Consulting Arborculturists,
Date of publication, distribution, etc. c2009.
300 ## - PHYSICAL DESCRIPTION
Extent xii, 210 p. :
Other physical details ill. ;
Dimensions 25 cm.
504 ## - BIBLIOGRAPHY, ETC. NOTE
Bibliography, etc. note Includes bibliographical references (p. 179-186) and indexes.
520 ## - SUMMARY, ETC.
Summary, etc. "Dictionary for Managing Trees in Urban Environments is a comprehensive list of terms used in the universal management of urban trees. Many of the terms are from Arboricultural science, while others are derived from unproven but commonly applied concepts. Some new concepts have been introduced where the existing terminology to describe trees was limited or nonexistent. This dictionary allows for broad application and use by a wide variety of people and conveys in plain language concepts that are sometimes complex. Most major terms have been cross referenced and diagrams have been added for greater understanding. Dictionary for Managing Trees in Urban Environments promotes a greater understanding of Arboriculture and Urban Forestry, and will assist in the preparation of reports for the management of trees, procedures and planning instruments, such as Tree Management Policies and Tree Management Orders."--Provided by publisher.
650 #0 - SUBJECT ADDED ENTRY--TOPICAL TERM
Topical term or geographic name entry element Urban forestry
Form subdivision Dictionaries.
9 (RLIN) 25529
650 #0 - SUBJECT ADDED ENTRY--TOPICAL TERM
Topical term or geographic name entry element Trees in cities
Form subdivision Dictionaries.
9 (RLIN) 25530
700 1# - ADDED ENTRY--PERSONAL NAME
Personal name Draper, Danny B.
9 (RLIN) 25531
700 1# - ADDED ENTRY--PERSONAL NAME
Personal name Richards, Peter A.
9 (RLIN) 25532
906 ## - LOCAL DATA ELEMENT F, LDF (RLIN)
a 7
b cbc
c copycat
d 2
e ncip
f 20
g y-gencatlg
942 ## - ADDED ENTRY ELEMENTS (KOHA)
Source of classification or shelving scheme
Koha item type Book
Holdings
Withdrawn status Lost status Source of classification or shelving scheme Damaged status Not for loan Permanent Location Current Location Date acquired Total Checkouts Full call number Barcode Date last seen Price effective from Koha item type
          School of Civil and Environmental Engineering (SCEE) School of Civil and Environmental Engineering (SCEE) 11/12/2019   635.97703 NIT-12101 11/12/2019 11/12/2019 Book
© 2023 Central Library, National University of Sciences and Technology. All Rights Reserved.